[Event "13. Hogeschool Zeeland Tournament"]
[Site "Vlissingen NED"]
[Date "2009.08.04"]
[Round "5.4"]
[White "Ernst, Sipke"]
[Black "Bosboom, Manuel"]
[Result "0-1"]
[WhiteElo "2598"]
[BlackElo "2444"]
[PlyCount "88"]
[EventDate "2009.08.01"]
[EventType "swiss"]
[EventRounds "9"]
[EventCountry "NED"]
[Source "lmi"]
[SourceDate "2009.08.01"]

1. d4 g6 2. c4 Bg7 3. e4 d6 4. Nc3 a6 5. Be3 c6 6. a4 a5 7. Be2 Na6 8. Qd2 Nf6
9. Rd1 O-O 10. h3 d5 11. exd5 cxd5 12. Nf3 Nb4 13. O-O Bf5 14. Ne5 Rc8 15. c5
b6 16. cxb6 Qxb6 17. Rc1 Rfd8 18. g4 Be6 19. f3 Ne8 20. Rfd1 Nd6 21. Nb5 f6 22.
Nxd6 Qxd6 23. Nd3 Qg3+ 24. Kf1 Qxh3+ 25. Kf2 Qh2+ 26. Kf1 Qh3+ 27. Kf2 Rxc1 28.
Rxc1 Qh2+ 29. Kf1 h5 30. Nf4 Bf7 31. Bg1 Qh1 32. gxh5 g5 33. Ng6 Qxh5 34. Nxe7+
Kf8 35. Nc6 Qh3+ 36. Kf2 Re8 37. Nxb4 g4 38. Qf4 Bh6 39. Qd6+ Kg8 40. Rc3 axb4
41. Rb3 Qh4+ 42. Kf1 g3 43. Ke1 g2+ 44. Kd1 Rc8 0-1

[Event "13. Hogeschool Zeeland Tournament"]
[Site "Vlissingen NED"]
[Date "2009.08.04"]
[Round "5.5"]
[White "Nijboer, Friso"]
[Black "Van Dongen, Cor"]
[Result "1/2-1/2"]
[WhiteElo "2552"]
[BlackElo "2342"]
[PlyCount "80"]
[EventDate "2009.08.01"]
[EventType "swiss"]
[EventRounds "9"]
[EventCountry "NED"]
[Source "lmi"]
[SourceDate "2009.08.01"]

1. e4 c5 2. Nf3 d6 3. d4 cxd4 4. Nxd4 Nf6 5. Nc3 g6 6. Be3 Bg7 7. f3 O-O 8. Qd2
Nc6 9. Bc4 Bd7 10. O-O-O Rb8 11. Kb1 b5 12. Bb3 Ne5 13. Qe2 a5 14. Ndxb5 Bxb5
15. Nxb5 a4 16. Bxa4 Qa5 17. Rd4 Nc6 18. Qd2 Qa6 19. Nc3 Nxd4 20. Bxd4 Rb4 21.
Bxf6 Bxf6 22. Bb3 Ra8 23. a3 Rd4 24. Qe3 e6 25. h4 Rb4 26. Qd2 Bg7 27. h5 Rc8
28. hxg6 hxg6 29. Na2 Rb6 30. Nb4 Qb7 31. Re1 Qe7 32. f4 Qf6 33. c3 Qh4 34. Qe3
Rb5 35. g3 Qh2 36. Rd1 Rbc5 37. Na2 Rb5 38. Nb4 Rbc5 39. Na2 Rb5 40. Nb4 Rbc5
1/2-1/2

[Event "13. Hogeschool Zeeland Tournament"]
[Site "Vlissingen NED"]
[Date "2009.08.04"]
[Round "5.6"]
[White "Kohlweyer, Bernd"]
[Black "Spoelman, Wouter"]
[Result "1-0"]
[WhiteElo "2418"]
[BlackElo "2546"]
[PlyCount "67"]
[EventDate "2009.08.01"]
[EventType "swiss"]
[EventRounds "9"]
[EventCountry "NED"]
[Source "lmi"]
[SourceDate "2009.08.01"]

1. d4 d5 2. c4 c6 3. Nf3 Nf6 4. e3 Bg4 5. cxd5 cxd5 6. Qb3 Bxf3 7. gxf3 Qd7 8.
Nc3 Nc6 9. Bd2 e6 10. Rc1 Bd6 11. Na4 O-O 12. Bb5 Rac8 13. Ke2 e5 14. dxe5 Bxe5
15. Nc5 Qe7 16. Nxb7 Nd4+ 17. exd4 Bxd4+ 18. Kd3 Bxf2 19. Na5 Ne4 20. Nc6 Qe6
21. Bb4 Bh4 22. Rhg1 Nf2+ 23. Kd2 Rfe8 24. Qc3 g6 25. Rce1 Bg5+ 26. Kc2 Qf5+
27. Kb3 Rxe1 28. Rxe1 d4 29. Qc5 Qxc5 30. Bxc5 a6 31. Bxa6 Rxc6 32. Re8+ Kg7
33. Bxd4+ Bf6 34. Bb5 1-0

[Event "13. Hogeschool Zeeland Tournament"]
[Site "Vlissingen NED"]
[Date "2009.08.04"]
[Round "5.7"]
[White "Kogan, Arthur"]
[Black "Van Eijk, Sander"]
[Result "1/2-1/2"]
[WhiteElo "2542"]
[BlackElo "2338"]
[PlyCount "104"]
[EventDate "2009.08.01"]
[EventType "swiss"]
[EventRounds "9"]
[EventCountry "NED"]
[Source "lmi"]
[SourceDate "2009.08.01"]

1. e4 c5 2. Nf3 a6 3. Nc3 e6 4. d4 cxd4 5. Nxd4 Qc7 6. Bd3 Bd6 7. Bg5 Nc6 8.
Nf3 Rb8 9. O-O b5 10. Qd2 f6 11. Be3 Nge7 12. Rad1 Ne5 13. Nxe5 Bxe5 14. f4
Bxc3 15. bxc3 O-O 16. Qf2 Bb7 17. Bc5 d6 18. Ba3 Rbd8 19. Qd4 Nc6 20. Qe3 e5
21. Be2 Rfe8 22. Bh5 g6 23. Be2 Kg7 24. f5 Na5 25. fxg6 hxg6 26. Qf2 Rf8 27.
Qh4 Rf7 28. Rf3 Rh8 29. Qg4 Nc4 30. Bc1 Qd7 31. Rg3 Qxg4 32. Rxg4 Rd7 33. Rd3
Kf7 34. Rdg3 Rg8 35. Bd3 Rdd8 36. h4 Bc8 37. h5 Bxg4 38. Rxg4 gxh5 39. Rh4 Rh8
40. Be2 Kg6 41. Rh3 Rh7 42. Kf2 Rdh8 43. Rf3 Rg7 44. a4 Kf7 45. axb5 axb5 46.
Rd3 h4 47. Rd5 h3 48. gxh3 Rxh3 49. Rxb5 Rh2+ 50. Kf3 Rh3+ 51. Kf2 Rh2+ 52. Kf3
Rh3+ 1/2-1/2

[Event "13. Hogeschool Zeeland Tournament"]
[Site "Vlissingen NED"]
[Date "2009.08.04"]
[Round "5.8"]
[White "Leenhouts, Koen"]
[Black "Adhiban, Baskaran"]
[Result "0-1"]
[WhiteElo "2413"]
[BlackElo "2481"]
[PlyCount "78"]
[EventDate "2009.08.01"]
[EventType "swiss"]
[EventRounds "9"]
[EventCountry "NED"]
[Source "lmi"]
[SourceDate "2009.08.01"]

1. e4 c5 2. Nf3 d6 3. d4 cxd4 4. Qxd4 a6 5. c4 Nc6 6. Qd1 Nf6 7. Nc3 Bg4 8. Be2
g6 9. O-O Bg7 10. Be3 O-O 11. Qb3 Rb8 12. Rfd1 Nd7 13. Rac1 Qa5 14. a3 Nc5 15.
Qa2 Bxc3 16. Rxc3 Nxe4 17. Rcc1 Qf5 18. h3 Bxf3 19. Bxf3 Ne5 20. Be2 Qe6 21.
Qb1 f5 22. b4 Rbc8 23. c5 d5 24. Bd4 Rfd8 25. Ba1 Nf7 26. Re1 Qd7 27. Rcd1 Qc7
28. Qb2 e5 29. f4 d4 30. fxe5 Qxe5 31. Bc4 Qg3 32. Qa2 Rc7 33. Re2 Kf8 34. Rd3
Qg5 35. Rf3 Ne5 36. Rf1 Kg7 37. Bd5 Rcd7 38. Bxe4 fxe4 39. Rxe4 Nc6 0-1

[Event "13. Hogeschool Zeeland Tournament"]
[Site "Vlissingen NED"]
[Date "2009.08.04"]
[Round "5.10"]
[White "Van Haastert, Edwin"]
[Black "Lalith, Babu M R"]
[Result "1/2-1/2"]
[WhiteElo "2411"]
[BlackElo "2472"]
[PlyCount "39"]
[EventDate "2009.08.01"]
[EventType "swiss"]
[EventRounds "9"]
[EventCountry "NED"]
[Source "lmi"]
[SourceDate "2009.08.01"]

1. d4 Nf6 2. c4 e6 3. g3 d5 4. Nf3 Bb4+ 5. Bd2 Be7 6. Bg2 O-O 7. O-O c6 8. Qc2
b6 9. Rd1 Ba6 10. b3 Nbd7 11. a4 Rc8 12. a5 c5 13. axb6 Qxb6 14. Qa2 Bb7 15. b4
cxb4 16. c5 Nxc5 17. dxc5 Bxc5 18. e3 Ne4 19. Be1 Ra8 20. Qa5 1/2-1/2

[Event "13. Hogeschool Zeeland Tournament"]
[Site "Vlissingen NED"]
[Date "2009.08.04"]
[Round "5.11"]
[White "Provoost, Simon"]
[Black "Henrichs, Thomas"]
[Result "0-1"]
[WhiteElo "2265"]
[BlackElo "2463"]
[PlyCount "70"]
[EventDate "2009.08.01"]
[EventType "swiss"]
[EventRounds "9"]
[EventCountry "NED"]
[Source "lmi"]
[SourceDate "2009.08.01"]

1. d4 Nf6 2. Bg5 e6 3. e4 h6 4. Bxf6 Qxf6 5. Nc3 d6 6. Qd2 c6 7. O-O-O e5 8.
Nge2 Be7 9. f4 O-O 10. Kb1 b5 11. Rg1 Nd7 12. d5 b4 13. Na4 c5 14. f5 Qh4 15.
Qd3 Nf6 16. Ng3 Bd7 17. b3 c4 18. Qf3 Bxa4 19. bxa4 Rfc8 20. Be2 Bd8 21. Rde1
Nd7 22. Rgf1 Nc5 23. Bxc4 Nxa4 24. Ba6 Nc3+ 25. Kb2 Rc5 26. Nh5 Bb6 27. g3 Qg5
28. h4 Qd2 29. Qd3 Na4+ 30. Kb1 Qc3 31. Qxc3 Nxc3+ 32. Kb2 Ra5 33. Bc4 Bd4 34.
Kc1 Rc8 35. Bd3 Rxa2 0-1

[Event "13. Hogeschool Zeeland Tournament"]
[Site "Vlissingen NED"]
[Date "2009.08.04"]
[Round "5.13"]
[White "Vovk, Yuri"]
[Black "De Vos, Nils"]
[Result "1-0"]
[WhiteElo "2567"]
[BlackElo "2205"]
[PlyCount "107"]
[EventDate "2009.08.01"]
[EventType "swiss"]
[EventRounds "9"]
[EventCountry "NED"]
[Source "lmi"]
[SourceDate "2009.08.01"]

1. d4 Nf6 2. c4 g6 3. Nc3 Bg7 4. e4 d6 5. f3 O-O 6. Nge2 c5 7. Be3 Qa5 8. Nc1
Nbd7 9. Nb3 Qc7 10. d5 a6 11. Be2 b5 12. cxb5 axb5 13. Nxb5 Qb6 14. O-O Ba6 15.
a4 Rfb8 16. Nd2 Ne8 17. Rb1 Qd8 18. b4 Nc7 19. bxc5 Nxc5 20. Qc2 Rc8 21. Bxc5
dxc5 22. Nxc7 Qxc7 23. Bxa6 Rxa6 24. Nc4 Rca8 25. a5 Bd4+ 26. Kh1 Rxa5 27. Nxa5
Qxa5 28. f4 Qd8 29. Qc4 Qd7 30. Rb3 Ra4 31. Rb7 Qxb7 32. Qxa4 Kg7 33. Qc4 Qd7
34. e5 h5 35. e6 fxe6 36. dxe6 Qd6 37. f5 g5 38. Qe2 g4 39. Qd2 Bf6 40. Qxd6
exd6 41. Rd1 Be7 42. Kg1 c4 43. Kf2 c3 44. Ke2 c2 45. Rc1 Kf6 46. Rxc2 Kxf5 47.
Kd3 Kxe6 48. Re2+ Kf7 49. Ke4 Kg6 50. Rd2 Bf8 51. Rd5 Be7 52. Kf4 Kh6 53. Kf5
Bf8 54. Rd4 1-0

[Event "13. Hogeschool Zeeland Tournament"]
[Site "Vlissingen NED"]
[Date "2009.08.04"]
[Round "5.14"]
[White "Padmini, Rout"]
[Black "Ikonnikov, Vyacheslav"]
[Result "0-1"]
[WhiteElo "2243"]
[BlackElo "2556"]
[PlyCount "54"]
[EventDate "2009.08.01"]
[EventType "swiss"]
[EventRounds "9"]
[EventCountry "NED"]
[Source "lmi"]
[SourceDate "2009.08.01"]

1. e4 c5 2. Nf3 Nc6 3. d4 cxd4 4. Nxd4 e5 5. Nb5 d6 6. N1c3 a6 7. Na3 Be7 8.
Nc4 Be6 9. a4 Nf6 10. Bg5 d5 11. exd5 Nxd5 12. Bxe7 Ncxe7 13. Ne4 O-O 14. Bd3
Nf4 15. O-O Neg6 16. g3 f5 17. Ned6 b5 18. axb5 axb5 19. Rxa8 Nh3+ 20. Kg2
Qxa8+ 21. Kxh3 f4+ 22. g4 Bxc4 23. Be4 Qb8 24. Bxg6 hxg6 25. Ne4 Rd8 26. Qc1
Bd5 27. Nc3 Bf3 0-1

[Event "13. Hogeschool Zeeland Tournament"]
[Site "Vlissingen NED"]
[Date "2009.08.04"]
[Round "5.15"]
[White "Roeder, Matthias"]
[Black "Colijn, Stefan"]
[Result "1-0"]
[WhiteElo "2438"]
[BlackElo "2187"]
[PlyCount "97"]
[EventDate "2009.08.01"]
[EventType "swiss"]
[EventRounds "9"]
[EventCountry "NED"]
[Source "lmi"]
[SourceDate "2009.08.01"]

1. Nf3 Nf6 2. c4 c6 3. Nc3 d5 4. e3 Nbd7 5. Qc2 e6 6. b3 Bd6 7. Bb2 O-O 8. Be2
Qe7 9. O-O b6 10. cxd5 exd5 11. Nd4 Bb7 12. Nf5 Qe6 13. Nxd6 Qxd6 14. d4 Rac8
15. Qf5 Rfe8 16. Bd3 Nf8 17. Rfe1 Rc7 18. Qf3 Bc8 19. Qg3 Qd8 20. Ba3 Nh5 21.
Qf3 Qg5 22. Be2 g6 23. Rac1 Ne6 24. Bd6 Rd7 25. Bg3 Nxg3 26. Qxg3 Qxg3 27. hxg3
Bb7 28. g4 Rc8 29. b4 c5 30. bxc5 bxc5 31. dxc5 Rxc5 32. Nb5 Rxc1 33. Rxc1 Ba6
34. Rc6 Bxb5 35. Bxb5 Rb7 36. Bd3 d4 37. exd4 Nxd4 38. Ra6 h6 39. Rd6 Ne6 40.
Bxg6 Rb6 41. Rxb6 axb6 42. Bd3 Kg7 43. g3 Kf6 44. f4 Ke7 45. Bc4 Nd4 46. Kf2 b5
47. Ke3 Nc2+ 48. Kd2 Nb4 49. Kc3 1-0

[Event "13. Hogeschool Zeeland Tournament"]
[Site "Vlissingen NED"]
[Date "2009.08.04"]
[Round "5.16"]
[White "Duchene, Rene"]
[Black "Bitalzadeh, Ali"]
[Result "0-1"]
[WhiteElo "2216"]
[BlackElo "2434"]
[PlyCount "68"]
[EventDate "2009.08.01"]
[EventType "swiss"]
[EventRounds "9"]
[EventCountry "NED"]
[Source "lmi"]
[SourceDate "2009.08.01"]

1. Nf3 g6 2. e4 Bg7 3. d4 d6 4. c4 Nf6 5. Nc3 O-O 6. Be2 e5 7. d5 a5 8. Bg5 h6
9. Bh4 g5 10. Bg3 Nh5 11. h4 g4 12. Nd2 Nxg3 13. fxg3 h5 14. Bd3 c6 15. Qe2 a4
16. a3 Nd7 17. O-O-O Nc5 18. Bc2 cxd5 19. cxd5 Bh6 20. Kb1 b5 21. Na2 Bd7 22.
Rhf1 Kg7 23. Rf2 Na6 24. Bd3 Qb6 25. Nf1 Rfb8 26. Re1 b4 27. Bxa6 bxa3 28. Bd3
Qd4 29. Rd1 Rxb2+ 30. Qxb2 axb2 31. Rxb2 a3 32. Rb4 Qf2 33. Ka1 Ba4 34. Rdb1
Rb8 0-1

[Event "13. Hogeschool Zeeland Tournament"]
[Site "Vlissingen NED"]
[Date "2009.08.04"]
[Round "5.17"]
[White "Dek, Lennart"]
[Black "Shyam, Sundar M"]
[Result "0-1"]
[WhiteElo "2205"]
[BlackElo "2415"]
[PlyCount "82"]
[EventDate "2009.08.01"]
[EventType "swiss"]
[EventRounds "9"]
[EventCountry "NED"]
[Source "lmi"]
[SourceDate "2009.08.01"]

1. e4 e6 2. Nc3 d5 3. Nf3 Nf6 4. e5 Nfd7 5. d4 c5 6. dxc5 Nc6 7. Bf4 Nxc5 8.
Bd3 Be7 9. h4 f6 10. Qe2 Nxd3+ 11. cxd3 O-O 12. d4 Bd7 13. exf6 Bxf6 14. Bg5
Qb6 15. Bxf6 Rxf6 16. Rd1 Raf8 17. Rd3 Rf4 18. Qd2 Be8 19. Ne2 Rg4 20. O-O Bg6
21. Rb3 Qa5 22. Qxa5 Nxa5 23. Ne5 Nxb3 24. Nxg4 Bd3 25. Re1 Bxe2 26. Rxe2 Nxd4
27. Rd2 Nc6 28. g3 h5 29. Nh2 Rd8 30. Nf3 Kf7 31. Ng5+ Kf6 32. f4 Rc8 33. Kf2
Nb4 34. a3 Rc2 35. Ke2 Rxd2+ 36. Kxd2 Nc6 37. Kd3 Kf5 38. Ke3 Na5 39. Nf7 Nc4+
40. Kd4 Kf6 41. Nd8 Nd6 0-1

[Event "13. Hogeschool Zeeland Tournament"]
[Site "Vlissingen NED"]
[Date "2009.08.04"]
[Round "5.18"]
[White "Rubio Mejia, Luis Ignacio"]
[Black "Lacrosse, Marc"]
[Result "1-0"]
[WhiteElo "2371"]
[BlackElo "2184"]
[PlyCount "69"]
[EventDate "2009.08.01"]
[EventType "swiss"]
[EventRounds "9"]
[EventCountry "NED"]
[Source "lmi"]
[SourceDate "2009.08.01"]

1. d4 d5 2. c4 e6 3. Nc3 Nf6 4. cxd5 exd5 5. Bg5 c6 6. Qc2 Nbd7 7. e3 Bd6 8.
Bd3 Nf8 9. Nge2 Ng6 10. Ng3 O-O 11. O-O-O h6 12. Bxf6 Qxf6 13. Kb1 Re8 14. Rde1
Bd7 15. f4 Nf8 16. h4 Rac8 17. Nh5 Qd8 18. f5 f6 19. e4 Qe7 20. Re2 Qf7 21. g4
c5 22. Nxd5 cxd4 23. Qb3 Kh8 24. Qxb7 Be6 25. Qxf7 Bxf7 26. Nhf4 Nd7 27. Bb5
Red8 28. Bxd7 Rxd7 29. Rd1 Be5 30. h5 Kg8 31. Rc2 Rxc2 32. Kxc2 Rb7 33. Rd3
Bxf4 34. Nxf4 Rc7+ 35. Kb1 1-0

[Event "13. Hogeschool Zeeland Tournament"]
[Site "Vlissingen NED"]
[Date "2009.08.04"]
[Round "5.19"]
[White "Kiran, Manisha Mohanty"]
[Black "Michalczak, Thomas"]
[Result "0-1"]
[WhiteElo "2203"]
[BlackElo "2352"]
[PlyCount "40"]
[EventDate "2009.08.01"]
[EventType "swiss"]
[EventRounds "9"]
[EventCountry "NED"]
[Source "lmi"]
[SourceDate "2009.08.01"]

1. e4 c5 2. Nf3 Nc6 3. d4 cxd4 4. Nxd4 e5 5. Nb5 d6 6. N1c3 a6 7. Na3 Be6 8.
Nc4 b5 9. Ne3 Nf6 10. Ned5 Be7 11. Nxf6+ Bxf6 12. Nd5 Bxd5 13. exd5 Ne7 14. a4
b4 15. a5 O-O 16. Be2 Qc7 17. Be3 Nc8 18. Bg4 Re8 19. Qd2 Qc4 20. Rd1 Qxg4 0-1

[Event "13. Hogeschool Zeeland Tournament"]
[Site "Vlissingen NED"]
[Date "2009.08.04"]
[Round "5.20"]
[White "Zelbel, Patrick"]
[Black "In't Veld, Daan"]
[Result "1/2-1/2"]
[WhiteElo "2348"]
[BlackElo "2173"]
[PlyCount "80"]
[EventDate "2009.08.01"]
[EventType "swiss"]
[EventRounds "9"]
[EventCountry "NED"]
[Source "lmi"]
[SourceDate "2009.08.01"]

1. e4 c5 2. c3 Nf6 3. e5 Nd5 4. g3 d6 5. exd6 e6 6. Bg2 Bxd6 7. Nf3 O-O 8. O-O
Nc6 9. d4 Bd7 10. c4 Nb6 11. dxc5 Bxc5 12. Qe2 Qc8 13. Rd1 e5 14. Nbd2 Bg4 15.
Nb3 Nd4 16. Nbxd4 Bxd4 17. h3 Bxf3 18. Qxf3 Nxc4 19. Rb1 Rd8 20. Bg5 f6 21. Qb3
Rb8 22. a4 Kh8 23. Rbc1 Qf5 24. Rxc4 Bxf2+ 25. Kh2 Rxd1 26. Qxd1 Qxg5 27. Rg4
Qe3 28. Qd7 g6 29. Qd6 Rg8 30. Qxf6+ Rg7 31. Qf8+ Rg8 32. Qf6+ Rg7 33. Rc4
Bxg3+ 34. Kh1 h5 35. Rc8+ Kh7 36. Qf8 Kh6 37. Rc7 Qe1+ 38. Bf1 Qe4+ 39. Bg2
Qe1+ 40. Bf1 Qe4+ 1/2-1/2

[Event "13. Hogeschool Zeeland Tournament"]
[Site "Vlissingen NED"]
[Date "2009.08.04"]
[Round "5.21"]
[White "Bezemer, Arno"]
[Black "Hekhuis, Jeroen"]
[Result "1/2-1/2"]
[WhiteElo "2332"]
[BlackElo "2145"]
[PlyCount "69"]
[EventDate "2009.08.01"]
[EventType "swiss"]
[EventRounds "9"]
[EventCountry "NED"]
[Source "lmi"]
[SourceDate "2009.08.01"]

1. d4 Nf6 2. c4 e6 3. Nc3 Bb4 4. e3 O-O 5. Bd3 c5 6. Nf3 cxd4 7. exd4 d5 8. O-O
Nc6 9. cxd5 exd5 10. h3 h6 11. Re1 Be6 12. Bf4 Bd6 13. Qd2 Bxf4 14. Qxf4 Nh5
15. Qd2 Qf6 16. Re3 Nf4 17. Bf1 Rac8 18. Ne5 Qh4 19. Kh2 Nxe5 20. Rxe5 Ng6 21.
Re3 Ne7 22. g3 Qf6 23. Bg2 Rfd8 24. Rd1 b6 25. Re5 Rc4 26. Bf1 Rc7 27. Bg2 Rc4
28. Bf1 Rc7 29. Nb5 Rcc8 30. Nxa7 Ra8 31. Nb5 Rxa2 32. Na3 Ra8 33. Re3 Nf5 34.
Rc3 Ra4 35. Nb5 1/2-1/2

[Event "13. Hogeschool Zeeland Tournament"]
[Site "Vlissingen NED"]
[Date "2009.08.04"]
[Round "5.22"]
[White "De Jong, Migchiel"]
[Black "Privitera, Franco"]
[Result "1-0"]
[WhiteElo "2319"]
[BlackElo "2131"]
[PlyCount "57"]
[EventDate "2009.08.01"]
[EventType "swiss"]
[EventRounds "9"]
[EventCountry "NED"]
[Source "lmi"]
[SourceDate "2009.08.01"]

1. e4 c5 2. Nf3 Nc6 3. d4 cxd4 4. Nxd4 g6 5. c4 Bg7 6. Be3 Nf6 7. Nc3 d6 8. Be2
O-O 9. O-O Ng4 10. Bxg4 Bxg4 11. Nxc6 Bxd1 12. Nxd8 Bg4 13. Nxb7 Rfb8 14. Na5
Rxb2 15. Rfc1 Bd7 16. Nb3 Be6 17. Nd1 Re2 18. Kf1 Rxe3 19. Nxe3 Bxa1 20. Rxa1
Rc8 21. Rc1 Kf8 22. f4 f6 23. f5 Bf7 24. Nd5 Rc6 25. Nd4 Bxd5 26. exd5 Ra6 27.
Ne6+ Kf7 28. g4 Rb6 29. c5 1-0

[Event "13. Hogeschool Zeeland Tournament"]
[Site "Vlissingen NED"]
[Date "2009.08.04"]
[Round "5.23"]
[White "Grochal, Joey"]
[Black "Soumya, Swaminathan"]
[Result "1/2-1/2"]
[WhiteElo "2125"]
[BlackElo "2309"]
[PlyCount "114"]
[EventDate "2009.08.01"]
[EventType "swiss"]
[EventRounds "9"]
[EventCountry "NED"]
[Source "lmi"]
[SourceDate "2009.08.01"]

1. e4 c5 2. Nf3 d6 3. d4 cxd4 4. Nxd4 Nf6 5. Nc3 a6 6. Be3 e6 7. Be2 Be7 8. a4
Nc6 9. O-O Qc7 10. f4 O-O 11. Kh1 Bd7 12. Nb3 b6 13. Bf3 Rab8 14. g4 Bc8 15. g5
Nd7 16. Bg2 Re8 17. Rf3 Nb4 18. Rg3 Bf8 19. h4 Nc5 20. Nd4 g6 21. h5 Bb7 22.
Nde2 Rbd8 23. Rh3 d5 24. e5 Ne4 25. Bg1 Bc5 26. Nd4 Nc6 27. Nce2 Qb8 28. Nxc6
Bxc6 29. Nd4 Bb7 30. Qe2 Rc8 31. c3 Bf8 32. Be3 Qc7 33. Bxe4 dxe4 34. Kg2 Qc4
35. Qf2 Bd5 36. Kg3 Re7 37. Kg4 Rd7 38. Qe2 Qxe2+ 39. Nxe2 b5 40. Rhh1 b4 41.
Rhc1 Bc4 42. Nd4 Bc5 43. hxg6 hxg6 44. a5 bxc3 45. bxc3 Rb7 46. Rab1 Rcb8 47.
Rxb7 Rxb7 48. Kg3 Rb2 49. Ra1 Bd3 50. Kh3 Bc4 51. Kg3 Bd5 52. Kh4 Ba7 53. Kg3
Rb7 54. Rc1 Bc4 55. Kf2 Bd3 56. c4 Rc7 57. Nb3 Bxe3+ 1/2-1/2

[Event "13. Hogeschool Zeeland Tournament"]
[Site "Vlissingen NED"]
[Date "2009.08.04"]
[Round "5.24"]
[White "Timmermans, Mark"]
[Black "Litwak, Aleksej"]
[Result "1/2-1/2"]
[WhiteElo "2125"]
[BlackElo "2268"]
[PlyCount "68"]
[EventDate "2009.08.01"]
[EventType "swiss"]
[EventRounds "9"]
[EventCountry "NED"]
[Source "lmi"]
[SourceDate "2009.08.01"]

1. e4 c5 2. Nf3 e6 3. d4 cxd4 4. Nxd4 Nf6 5. Nc3 Nc6 6. Ndb5 Bb4 7. a3 Bxc3+ 8.
Nxc3 d5 9. exd5 exd5 10. Bd3 O-O 11. O-O d4 12. Ne2 Bg4 13. f3 Bh5 14. Nf4 Bg6
15. Nxg6 hxg6 16. f4 Ne7 17. Re1 Nf5 18. Qf3 Qd5 19. Qxd5 Nxd5 20. Bxf5 gxf5
21. Rd1 Ne3 22. Bxe3 dxe3 23. Kf1 Rac8 24. c3 Rc4 25. g3 g5 26. fxg5 f4 27. Ke2
fxg3 28. hxg3 Rg4 29. Rg1 Re8 30. Rad1 Rxg5 31. Rd3 Rh5 32. Rg2 Rhe5 33. g4 Kg7
34. b4 Rc8 1/2-1/2

[Event "13. Hogeschool Zeeland Tournament"]
[Site "Vlissingen NED"]
[Date "2009.08.04"]
[Round "5.25"]
[White "Van Cappellen, Jonas"]
[Black "Freeke, Matthieu"]
[Result "0-1"]
[WhiteElo "2002"]
[BlackElo "2264"]
[PlyCount "78"]
[EventDate "2009.08.01"]
[EventType "swiss"]
[EventRounds "9"]
[EventCountry "NED"]
[Source "lmi"]
[SourceDate "2009.08.01"]

1. e4 e5 2. Nf3 Nc6 3. Bb5 a6 4. Ba4 Nf6 5. O-O Be7 6. Re1 b5 7. Bb3 O-O 8. h3
Bb7 9. c3 d5 10. d4 dxe4 11. Nxe5 Bd6 12. Nxc6 Bxc6 13. Bg5 h6 14. Bxf6 Qxf6
15. d5 Bd7 16. Rxe4 Qg5 17. Re3 Rae8 18. Qf3 Rxe3 19. fxe3 Re8 20. Nd2 Rxe3 21.
Ne4 Rxf3 22. Nxg5 Rf4 23. Nf3 Bxh3 24. Re1 Bd7 25. Bc2 g5 26. Ne5 Bc5+ 27. Kh2
Bf5 28. Nd3 Rh4+ 29. Kg3 Bd6+ 30. Kf3 Rg4 31. Re8+ Kg7 32. Ne1 Rf4+ 33. Ke2 Bc5
34. Nd3 Rg4 35. Kf3 Bd6 36. Ne1 Rg3+ 37. Kf2 Bxc2 38. Nxc2 Rd3 39. Ra8 Rd2+ 0-1

[Event "13. Hogeschool Zeeland Tournament"]
[Site "Vlissingen NED"]
[Date "2009.08.04"]
[Round "5.26"]
[White "Bosch, Jeroen"]
[Black "Oude Brunink, Elias"]
[Result "1-0"]
[WhiteElo "2456"]
[BlackElo "1602"]
[PlyCount "61"]
[EventDate "2009.08.01"]
[EventType "swiss"]
[EventRounds "9"]
[EventCountry "NED"]
[Source "lmi"]
[SourceDate "2009.08.01"]

1. d4 Nf6 2. c4 g6 3. Nc3 d5 4. cxd5 Nxd5 5. Bd2 Bg7 6. e4 Nxc3 7. Bxc3 c5 8.
d5 Bxc3+ 9. bxc3 Qa5 10. Qd2 e6 11. Bc4 b5 12. Bb3 c4 13. Bc2 exd5 14. exd5 O-O
15. Ne2 Bb7 16. O-O Nd7 17. d6 Nc5 18. Rfd1 Rfd8 19. Ng3 Nd3 20. Nf5 Be4 21.
Bxd3 cxd3 22. Ne7+ Kg7 23. Qf4 f5 24. Qe5+ Kf7 25. Nd5 Bxd5 26. Qxd5+ Kf6 27.
Qd4+ Kf7 28. Rxd3 Qb6 29. Qd5+ Kf6 30. Re1 Re8 31. Rde3 1-0

[Event "13. Hogeschool Zeeland Tournament"]
[Site "Vlissingen NED"]
[Date "2009.08.04"]
[Round "5.28"]
[White "Stange, Sven"]
[Black "Kuipers, Stefan"]
[Result "1-0"]
[WhiteElo "2130"]
[BlackElo "2324"]
[PlyCount "57"]
[EventDate "2009.08.01"]
[EventType "swiss"]
[EventRounds "9"]
[EventCountry "NED"]
[Source "lmi"]
[SourceDate "2009.08.01"]

1. d4 d5 2. c4 c6 3. Nf3 Nf6 4. Nc3 e6 5. cxd5 exd5 6. Bf4 Be7 7. e3 Bf5 8. Bd3
Bxd3 9. Qxd3 O-O 10. h3 Nbd7 11. O-O Re8 12. Rab1 a5 13. a3 a4 14. Qc2 b5 15.
Na2 Rc8 16. Rfc1 Ne4 17. Ne5 Nxe5 18. Bxe5 Bh4 19. Rf1 Qa5 20. Nb4 c5 21. Nxd5
Nd2 22. Bc7 Rxc7 23. Nxc7 Rd8 24. Qc3 Bxf2+ 25. Rxf2 Qxc3 26. bxc3 Nxb1 27.
Nxb5 cxd4 28. exd4 Rb8 29. c4 1-0

[Event "13. Hogeschool Zeeland Tournament"]
[Site "Vlissingen NED"]
[Date "2009.08.04"]
[Round "5.29"]
[White "Bottema, Martin"]
[Black "Piasetski, Leon"]
[Result "0-1"]
[WhiteElo "2105"]
[BlackElo "2288"]
[PlyCount "122"]
[EventDate "2009.08.01"]
[EventType "swiss"]
[EventRounds "9"]
[EventCountry "NED"]
[Source "lmi"]
[SourceDate "2009.08.01"]

1. d4 Nf6 2. c4 e6 3. Nc3 Bb4 4. Qc2 d5 5. a3 Bxc3+ 6. Qxc3 Ne4 7. Qc2 c5 8.
dxc5 Nc6 9. e3 Qa5+ 10. Bd2 Qxc5 11. Rc1 Qe7 12. Nf3 a5 13. cxd5 exd5 14. Bb5
O-O 15. O-O Bf5 16. Qd1 Bg4 17. Be2 Rad8 18. Bc3 Rfe8 19. Bd4 Rd6 20. h3 Bf5
21. Bc5 Nxc5 22. Rxc5 Be4 23. Rc3 Rg6 24. g3 Qd6 25. Kh2 Rh6 26. Ng5 Bf5 27.
Bg4 Bxg4 28. Qxg4 Rg6 29. Qf5 Qf6 30. Qxf6 Rxf6 31. Kg2 Ne5 32. h4 h6 33. Nh3
Rb6 34. b3 Rc6 35. Rcc1 Nd3 36. Rxc6 bxc6 37. Rd1 Ne5 38. Rc1 Rb8 39. Rc3 Kf8
40. Ng1 Ke7 41. Nf3 Nxf3 42. Kxf3 Kd6 43. Ke2 c5 44. Kd3 Re8 45. a4 g5 46. hxg5
hxg5 47. f3 Rh8 48. Rc2 Rh1 49. Rf2 Ra1 50. Kc3 f6 51. g4 Ke5 52. f4+ Ke4 53.
fxg5 fxg5 54. Rf5 Re1 55. Rxg5 Rxe3+ 56. Kb2 Re2+ 57. Kc3 d4+ 58. Kc4 Rc2+ 59.
Kb5 d3 60. Rg8 d2 61. Re8+ Kd3 0-1

[Event "13. Hogeschool Zeeland Tournament"]
[Site "Vlissingen NED"]
[Date "2009.08.04"]
[Round "5.30"]
[White "Oosterom, Erik"]
[Black "Heltzel, Joost"]
[Result "0-1"]
[WhiteElo "2128"]
[BlackElo "2262"]
[PlyCount "72"]
[EventDate "2009.08.01"]
[EventType "swiss"]
[EventRounds "9"]
[EventCountry "NED"]
[Source "lmi"]
[SourceDate "2009.08.01"]

1. d4 Nf6 2. c4 e5 3. dxe5 Ng4 4. Bf4 Nc6 5. Nf3 Bb4+ 6. Nbd2 f6 7. h3 fxe5 8.
hxg4 exf4 9. Qb1 g6 10. Qe4+ Qe7 11. Qxf4 d6 12. O-O-O Be6 13. e3 O-O-O 14. Be2
Rhf8 15. Qg5 Qd7 16. Ne4 Qf7 17. Kb1 d5 18. Ng3 dxc4 19. a3 Be7 20. Qb5 c3 21.
bxc3 Rxd1+ 22. Rxd1 Bb3 23. Rd2 a6 24. Qd3 Rd8 25. Qe4 Rxd2 26. Nxd2 Bd5 27.
Qf4 Qg7 28. Bc4 Qxc3 29. Bxd5 Qd3+ 30. Ka1 Qxa3+ 31. Ba2 Qc3+ 32. Kb1 Qxd2 33.
Ne4 Qd3+ 34. Ka1 Kb8 35. g5 Nb4 36. Qe5 Qd1+ 0-1